• 首页
  • 本馆介绍
  • 公告通知
  • 最新文献
  • 馆藏检索
  • 电子资源
  • 读者导购
  • 参考咨询
  • 我的图书馆
  • 登录
  • 详细信息显示
  • 放入我的书架
  • 预约/预借图书
  • 作者相关作品
  • 分类相关作品
  • 丛书相关作品
  • 出版社相关作品

书目信息

  • 表格格式
  • 工作单格式
  • 卡片格式
题名:
新版剑桥BEC考试真题详解
    
 
作者: 郑光月 主编
分册:  
出版信息: 大连   大连理工大学出版社  2019重印
页数: 218页
开本: 26cm
丛书名: 剑桥商务英语应试辅导用书
单 册:
中图分类: H310.41 , F7-44
科图分类:
主题词: 商务--shang wu--英语--考核--题解 , 商业经济
电子资源:
ISBN: 978-7-5685-0598-7
000 01173cam 2200313 45
001 012001009531
005 20191107111059.64
010    @a978-7-5685-0598-7@dCNY32.00
099    @aCAL 012016157181
100    @a20161026d2016 em y0chiy50 ea
101 0  @achi@aeng
102    @aCN@b210000
105    @ak q 000yy
106    @ar
200 1  @a新版剑桥BEC考试真题详解@Axin ban jian qiao BEC kao shi zhen ti xiang jie@e中级@v4@f郑光月主编
210    @a大连@c大连理工大学出版社@d2019重印
215    @a218页@c图@d26cm
225 2  @a剑桥商务英语应试辅导用书@Ajian qiao shang wu ying yu ying shi fu dao yong shu
300    @a美森教育
330    @a本书收录了4套完整BEC中级考试真题, 本书在阅读模块中添加特色栏目“参考译文”以及在作文模块中添加“考生作文翻译”和“参考范文”以些帮助考生深入了解文章内容。
410  0 @12001 @a剑桥商务英语应试辅导用书
517 1  @a剑桥BEC考试真题详解@Ajian qiao BECkao shi zhen ti xiang jie
606 0  @a商务@Ashang wu@x英语@x考核@j题解
606 0  @a商业经济
690    @aH310.41@v5
690    @aF7-44@v4
701  0 @a郑光月@Azheng guang yue@4主编
801  2 @aCN@b上海新华@c20191020
905    @b1188551-4@dF7-44@e1120:2@f4
    
    新版剑桥BEC考试真题详解:中级/郑光月主编.-大连:大连理工大学出版社,2019重印
    218页:图;26cm.-(剑桥商务英语应试辅导用书)
    美森教育
    
    ISBN 978-7-5685-0598-7:CNY32.00
    本书收录了4套完整BEC中级考试真题, 本书在阅读模块中添加特色栏目“参考译文”以及在作文模块中添加“考生作文翻译”和“参考范文”以些帮助考生深入了解文章内容。
●
相关链接 在E读中查询图书 在五车中查询图书 在当当中查询图书 在豆瓣中查询图书


正题名:新版剑桥BEC考试真题详解     索取号:F7-44/1120:2         预约/预借

序号 登录号 条形码 馆藏地/架位号 状态 备注
1 1188551   211885511   第一样本阅览室/ [索取号:F7-44/1120:2] 在馆    
2 1188552   211885520   第一借阅区/ [索取号:F7-44/1120:2] 在馆    
3 1188553   211885539   第一借阅区/ [索取号:F7-44/1120:2] 在馆    
4 1188554   211885548   第一借阅区/ [索取号:F7-44/1120:2] 在馆    
唐山师范学院图书馆 欢迎您!
大连网信软件有限公司© 版权所有